Химични елементи по първа и последна буква - Statistics

General Stats
  • This quiz has been taken 70 times
  • The average score is 37 of 55
Answer Stats
Country % Correct
БМ Бром
94%
ЙД Йод
91%
ВД Водород / Въглерод
89%
КЙ Калий / Калций / Кадмий / Калай / Кюрий / Калифорний / Коперниций
89%
ЛЙ Литий / Лутеций / Лоуренсий / Ливерморий
89%
ЖК Живак
87%
ЦК Цинк
87%
АЙ Алуминий / Актиний / Америций / Айнщайний
85%
ЖО Желязо
85%
БР Бор
83%
НЙ Натрий / Ниобий / Нептуний / Нобелий / Нихоний
83%
ЗО Злато
81%
БЙ Берилий / Барий / Берклий / Борий
80%
ХЙ Хелий / Холмий / Хафний / Хасий
80%
ХМ Хром
80%
МН Манган / Молибден
78%
ФР Флуор / Фосфор
78%
АТ Азот / Астат
76%
АН Аргон / Арсен / Антимон
74%
МД Мед
74%
РЙ Рубидий / Рутений / Родий / Рений / Радий / Ръдърфордий / Рьонтгений
74%
СО Сребро
74%
ЦЙ Цирконий / Цезий / Церий
74%
МЙ Магнезий / Менделеевий / Майтнерий / Московий
72%
УН Уран
72%
ИЙ Итрий / Индий / Итербий / Иридий
70%
ОО Олово
70%
ХР Хлор
70%
ГЙ Галий / Германий / Гадолиний
69%
КД Кислород
69%
ФЙ Франций / Фермий / Флеровий
69%
НН Неон
67%
ТЙ Технеций / Тербий / Тулий / Талий / Торий
67%
КТ Кобалт
65%
ПА Платина
63%
СА Сяра
63%
СЙ Силиций / Скандий / Стронций / Самарий / Сиборгий
63%
НЛ Никел
61%
ПЙ Паладий / Прометий / Полоний / Протактиний / Плутоний
59%
КН Криптон / Ксенон
56%
РН Радон
56%
СН Селен
54%
ТН Титан / Тенесин
54%
БТ Бисмут
50%
ВЙ Ванадий
50%
ОЙ Осмий
50%
ВМ Волфрам
48%
ТЛ Тантал
48%
ЕЙ Европий / Ербий
46%
ТР Телур
46%
ЛН Лантан
43%
ОН Оганесон
43%
НМ Неодим
41%
ДЙ Диспросий / Дубний / Дармщатий
39%
ПМ Празеодим
35%
No matching quizzes found
Score Distribution
Percent of People with Each Score
Percentile by Number Answered
Your Score History
You have not taken this quiz